14 Allergens - Statistics

General Stats
  • This quiz has been taken 29 times
  • The average score is 6 of 14
Answer Stats
Answer % Correct
8 Nuts
88%
4 Fish
81%
3 Eggs
63%
7 Milk
63%
5 Peanuts
63%
10 Mustard
44%
9 Celery
38%
2 Crustaceans
38%
13 Lupin
38%
14 Molluscs
38%
6 Soybeans
25%
1 Cereals
13%
11 Sesame seeds
13%
12 Sulphur dioxide and sulphites
0%
No matching quizzes found
Score Distribution
Percent of People with Each Score
Percentile by Number Answered
Your Score History
You have not taken this quiz